5 letter movie chain - Statistics

General Stats
  • This quiz has been taken 33 times
  • The average score is 4 of 9
Answer Stats
Hint Answer % Correct
Musical about orphan, placed in care of rich man Annie
77%
Scottish princess wants to shape her own life, refuses to marry, turns her mother into a bear, animation Brave
68%
Based on the life of Eva Perón Evita
68%
Pet chameleon becomes sheriff of thirsty western town, takes on case of missing water, animation Rango
55%
5 friends unknowingly awaken a dark power by using a ouija board Ouija
45%
Girl lies about loosing virginity, everyone finds out, pretends to sleep with people to help them Easy A
39%
civilian diving team is enlisted to search for a lost nuclear submarine, encounters an alien aquatic species (The) Abyss
29%
Based on novel by Anna Todd, girl falls for bad boy, they embark on rocky relationship After
6%
Deactivated cyborg is revived, becomes dangerous and lethal, goes on quest to find out who she is Alita (Battle Angel)
0%
No matching quizzes found
Score Distribution
Percent of People with Each Score
Percentile by Number Answered
Your Score History
You have not taken this quiz